01764nam a22003377a 4500003000400000005001700004008004100021040002200062082001800084100002700102245003500129260008200164300001900246490002800265505001400293505008600307505011700393505008500510505008700595505006300682505026200745650004101007650004501048650005501093650004401148650005701192650004301249650004401292650004301336650004701379OSt20230424093042.0221006b |||||||| |||| 00| 0 eng d cBiblioteca Lado V a792.05bG143e aGainza, Gastoneeditor aEscena/bRevista de las Artes/ bUniversidad de Costa RicabVicerrectoria de acción socialc2006aCosta Rica c21x28cma111p. v2006v29x1409 2522a59 tEditorial tArtes VisualesaSin Retorno: Formas artísticas de la experiencia turística  tMuralismo MexicanoaArte Publico, Identidad, memoria colectiva La huella gráfica de Juanita Segundo Sanchez  tLiteraturaaEl Pájaro Azul de Ruben Dario y the bluebird de Charles Bukowski  tMusica aLo que se baila en Costa Rica: El Bolero Una Aproximación al personaje tSeccion RescateaLa fotografía de la Ciudad de San Jose  tTeatroaLa redención de Breda: Variaciones sobre un tema histórico El sitio de Breda en Calderon de la Barca El Juego del Anima y el animus El discurso teatral de Rodolfo Usigli Miguel Rojas: Fragmentos de un hombre creador y los nublados del día  2Tesauro de Arte & ArquitecturaaARTE 2Tesauro de Arte & ArquitecturaaHISTORIA 2Tesauro de Arte & ArquitecturaaARTE COSTARRICENSE 2Tesauro de Arte & ArquitecturaaCULTURA 2Tesauro de Arte & ArquitecturaaARTE LATINOAMERICANO 2Tesauro de Arte & ArquitecturaaTEORIA 2Tesauro de Arte & ArquitecturaaCRITICA 2Tesauro de Arte & ArquitecturaaTEATRO 2Tesauro de Arte & ArquitecturaaCOSTA RICA